Best Selling Video Games - Statistics

General Stats
  • This quiz has been taken 2,633 times
  • The average score is 19 of 40
Answer Stats
Year Country Copies Sold Answer % Correct
2008 UK 25 million Grand Theft Auto IV
71%
2004 UK 27.5 million Grand Theft Auto: San Andreas
71%
2013 UK 32.5 million Grand Theft Auto V
71%
2002 UK 20 million Grand Theft Auto: Vice City
71%
2006 Japan 30.38 million New Super Mario Bros
69%
2009 Japan 27.88 million New Super Mario Bros Wii
69%
1984 USSR 143 million Tetris
69%
2009 Sweden 49.5 million Minecraft
68%
1985 Japan 40.24 milion Super Mario Bros
68%
1988 Japan 18 million Super Mario Bros 3
68%
1989 Japan 18.06 million Super Mario Land
68%
1990 Japan 20.6 million Super Mario World
68%
2007 USA 15.7 million Call of Duty 4: Modern Warfare
67%
2010 USA 26.2 million Call of Duty: Black Ops
67%
2012 USA 24.2 million Call of Duty: Black Ops II
67%
2013 USA 19 million Call of Duty: Ghosts
67%
2009 USA 28.5 million Call of Duty: Modern Warfare 2
67%
2011 USA 26.5 million Call of Duty: Modern Warfare 3
67%
2008 USA 15.7 million Call of Duty: World at War
67%
1996 Japan 23.64 million Pokemon Red, Blue & Green
60%
2010 Japan 15.42 million Pokemon Black & White
54%
1999 Japan 23 million Pokemon Gold & Silver
54%
2006 Japan 17.63 million Pokemon Diamond & Pearl
53%
2002 Japan 16 million Pokemon Ruby & Sapphire
53%
2005 Japan 23.34 million Mario Kart DS
40%
2008 Japan 35.53 million Mario Kart Wii
40%
2006 Japan 81.99 million Wii Sports
36%
2009 Japan 31.89 million Wii Sports Resort
36%
1991 Japan 15 million Sonic the Hedgehog
31%
2011 Sweden 20 million Battlefield 3
23%
2011 USA 20 million The Elder Scrolls V: Skyrim
22%
2000 USA 16 million The Sims
11%
2007 Japan 22.67 million Wii Fit
10%
2009 Japan 20.86 million Wii Fit Plus
10%
2004 USA 20 million The Sims 2
8%
2012 USA 15 million Diablo III
6%
2006 Japan 28.02 million Wii Play
6%
2005 Japan 23.94 million Nintendogs
4%
2010 USA 24 million Kinect Adventures!
3%
2005 Japan 19 million Brain Age
2%
No matching quizzes found
Score Distribution
Percent of People with Each Score
Percentile by Number Answered
Your Score History
You have not taken this quiz